000 00339nam a2200121Ia 4500
005 20260326100025.0
008 260326s9999||||xx |||||||||||||| ||und||
100 _aBernal N., Alberto
245 0 _aApuntaciones sobre los orígenes de Medellín /
_cAlberto Bernal N.
260 _bUniversidad de Antioquia
650 _aURBANISMO
942 _cBK
999 _c6348
_d6348